| 000 | 01297nam a22003737a 4500 | ||
|---|---|---|---|
| 003 | CHAP | ||
| 005 | 20220817041203.0 | ||
| 008 | 971013s1993 r 00010 d | ||
| 010 | _a8195 | ||
| 011 | _a9167 | ||
| 035 | _a8401 | ||
| 040 | _cCHAP | ||
| 090 | _aTesis | ||
| 100 | 0 | 0 |
_aEspino Hernández, Porfirio Alonso. _937880 |
| 245 | _aEvaluación de dósis de estiercol de bovino en el cultivo de avena Avena sativa, en tepetates roturados de San Miguel Tlaixpan, Edo. de México | ||
| 260 |
_aChapingo, Méx. : _bEl autor, _c1993 |
||
| 300 | _a84 h | ||
| 502 | _aTesis (Ing. Agr. Esp. en Suelos) -- UACH. Departamento de Suelos | ||
| 590 |
_aALEPH _b10 _c20130110 _lUCH01 _h1221 |
||
| 590 |
_aBATCH-UPD _b10 _c20130110 _lUCH01 _h1831 |
||
| 590 |
_aBATCH-UPD _b10 _c20130410 _lUCH01 _h1203 |
||
| 590 |
_aBATCH-UPD _b10 _c20130914 _lUCH01 _h0432 |
||
| 590 |
_aBATCH-UPD _b10 _c20130914 _lUCH01 _h2036 |
||
| 590 |
_aCONVERSION _b10 _c20130109 _lUCH01 _h1306 |
||
| 650 | 1 | 4 |
_aAbonos _xEfecto en suelos. |
| 650 | 1 | 4 |
_aAvena _xRendimiento. _98539 |
| 650 | 1 | 4 |
_aAvena _zMéxico (Edo.). _98554 |
| 650 | 1 | 4 |
_aEstiércol de vaca. _938326 |
| 650 | 1 | 4 |
_aSuelos _xConservación. _9110283 |
| 650 | 1 | 4 |
_aTepetates. _9112332 |
| 901 | _aBK | ||
| 942 | _cTESIS | ||
| 949 |
_bBC _cTES _d-18596 _eTS1 _h26492 _i8401 _mD _si |
||
| 999 |
_c8195 _d8195 |
||